Every Song by Blood, Sweat & Tears - Statistics

General Stats
  • This quiz has been taken 2 times
  • The average score is 4 of 77
Answer Stats
Album Song % Correct
Mirror Image(1974) Movement II - Mirror Image
100%
Mirror Image(1974) Movement I - Maglomania
100%
Nuclear Blues(1980) Nuclear Blues
100%
Nuclear Blues(1980) Spanish Wine (Reprise)
50%
Nuclear Blues(1980) (Theme) Spanish Wine
50%
Nuclear Blues(1980) Agitato
0%
No Sweat(1973) Almost Sorry
0%
New Blood(1972) Alone
0%
B, S & T; 4(1971) A Look to My Heart
0%
B, S & T; 4(1971) A Look to My Heart
0%
Nuclear Blues(1980) Amor
0%
New City(1975) Applause
0%
Mirror Image(1974) Are You Satisfied
0%
Brand New Day(1977) Blue Street
0%
B, S & T; 4(1971) Cowboys and Indians
0%
New City(1975) No Show
0%
Blood, Sweat & Tears 3(1970) The Battle
0%
Brand New Day(1977) Dreaming as One
0%
Nuclear Blues(1980) Fantasy Stage
0%
B, S & T; 4(1971) For My Lady
0%
Brand New Day(1977) Gimme That Wine
0%
B, S & T; 4(1971) Go Down Gamblin'
0%
More Than Ever(1976) Heavy Blue
0%
B, S & T; 4(1971) High on a Mountain
0%
No Sweat(1973) Hip Pickles
0%
Mirror Image(1974) Hold on to Me
0%
More Than Ever(1976) Hollywood
0%
Child Is Father to the Man(1968) House in the Country
0%
Child Is Father to the Man(1968) I Can't Quit Her
0%
More Than Ever(1976) I Love You More Than Ever
0%
Child Is Father to the Man(1968) I Love You More Than You'll Ever Know
0%
No Sweat(1973) Inner Crisis
0%
Nuclear Blues(1980) Introduction La Cantina
0%
New City(1975) I Was a Witness to a War
0%
B, S & T; 4(1971) John the Baptist (Holy John)
0%
More Than Ever(1976) Katy Bell
0%
Nuclear Blues(1980) Latin Fire
0%
B, S & T; 4(1971) Lisa, Listen to Me
0%
Mirror Image(1974) Look Up to the Sky
0%
Mirror Image(1974) Love Looks Good on You (You're Candy Sweet)
0%
Blood, Sweat & Tears 3(1970) Lucretia MacEvil
0%
Blood, Sweat & Tears 3(1970) Lucretia's Reprise
0%
B, S & T; 4(1971) Mama Gets High
0%
Child Is Father to the Man(1968) Meagan's Gypsy Eyes
0%
Blood, Sweat & Tears(1968) More and More
0%
Mirror Image(1974) Movement III - South Mountain Shuffle
0%
Mirror Image(1974) Movement IV - Rock Reprise
0%
Child Is Father to the Man(1968) My Days Are Numbered
0%
No Sweat(1973) My Old Lady
0%
New Blood(1972) Over the Hill
0%
Child Is Father to the Man(1968) Overture
0%
B, S & T; 4(1971) Redemption
0%
Brand New Day(1977) Rock & Roll Queen (A Tribute to Janis Joplin)
0%
No Sweat(1973) Roller Coaster
0%
More Than Ever(1976) Saved By the Grace of Your Love
0%
No Sweat(1973) Save Our Ship
0%
Mirror Image(1974) She's Coming Home
0%
Brand New Day(1977) Somebody I Trusted (Put Out the Light)
0%
Child Is Father to the Man(1968) Somethin' Goin' On
0%
Blood, Sweat & Tears(1968) Sometimes in Winter
0%
No Sweat(1973) Song for John
0%
Blood, Sweat & Tears(1968) Spinning Wheel
0%
More Than Ever(1976) Sweet Sadie the Savior
0%
New City(1975) Takin' It Home
0%
Mirror Image(1974) Tell Me That I'm Wrong
0%
Nuclear Blues(1980) The Challenge
0%
Nuclear Blues(1980) The Duel
0%
Child Is Father to the Man(1968) The Modern Adventures of Plato, Diogenes and Freud
0%
More Than Ever(1976) They
0%
Mirror Image(1974) Thinking of You
0%
Brand New Day(1977) Trouble in Mind/Shake a Hand
0%
Child Is Father to the Man(1968) Underture
0%
B, S & T; 4(1971) Valentine's Day
0%
New Blood(1972) Velvet
0%
Brand New Day(1977) Womanizer
0%
New City(1975) Yesterday's Music
0%
More Than Ever(1976) You're the One
0%
No matching quizzes found
Score Distribution
Percent of People with Each Score
Percentile by Number Answered
Your Score History
You have not taken this quiz